Creatura della notte /

Guardat en:
Dades bibliogràfiques
Autor principal: Gustavsson, Hanna (Autor)
Altres autors: Milton Knowles, Samanta K. (Traductor)
Format: Llibre
Idioma:italià
Publicat: Roma : Fandango, stampa 2021
Col·lecció:Weird Young
Etiquetes: Afegir etiqueta
Sense etiquetes, Sigues el primer a etiquetar aquest registre!

MARC

LEADER 00000nam a22000007i 4500
001 IT\ICCU\TO1\0034403
003 ItRI
005 20260115232120.0
008 210830s2021 it |||||| ||||| |||||c
020 |a 9788860447340 
040 |b ita  |c importazione bologna sebina 
041 7 |a ita  |2 ISO-639-2 
082 |a 741.59485  |9 RACCOLTE DI VIGNETTE, CARICATURE, FUMETTI. Svezia  |2 21 
100 1 |a Gustavsson, Hanna  |0 IT\ICCU\TO1V\004583  |4 aut 
240 1 0 |a Nattbarn  |3 IT\ICCU\TO1\0034439  |9 Gustavsson, Hanna 
245 1 0 |a Creatura della notte /  |c Hanna Gustavsson ; traduzione di Samanta K. Milton Knowles. 
260 |a Roma :  |b Fandango,  |c stampa 2021 
300 |a 188 p. :  |b fumetti ;  |c 24 cm 
700 1 |a Milton Knowles, Samanta K.  |0 IT\ICCU\MODV\661692  |4 trl 
790 1 |a Knowles, Samanta K.  |3 IT\ICCU\SBNV\086087  |z Milton Knowles, Samanta K. 
790 1 |a Knowles, Samantha K. Milton  |3 IT\ICCU\SBNV\086086  |z Milton Knowles, Samanta K. 
830 0 |a Weird Young  |0 IT\ICCU\TO1\0034438 
942 |2 ddc  |c BK  |n 0 
952 |0 0  |1 0  |4 0  |6 F_741_594000000000000_GUS  |7 0  |9 20299  |a BO  |b BO  |d 2026-01-15  |i 20326  |l 0  |o F 741.594 GUS  |p BO20326  |r 2026-01-15 23:21:20  |w 2026-01-15  |x [Sebina 5] [1 v.]  |y BK  |z 1 v. 
999 |c 17318  |d 17318